000 00390 a2200121 4500
001 ART_3441
005 20260410161714.0
008 260409a
245 1 0 _aPrecios y producción agraria. Potosí y Charcas en el siglo XVIII
100 1 _aTandeter, Enrique
700 1 _aWachtel, Nathan
773 0 _tDesarrollo económico
_g- Vol. 23, Nº 90 (jul./sep. 1983)
_wREV1174
999 _c16393
_d16393